Zvratné zámeno sa a slovosled vo vete

Bibliographic Details
Main Author: Findra, Ján, 1934-2019 (Author)
Format: Article
Language:Slovak
ISSN:1335-7883
Subjects:

MARC

LEADER 00000nab a2200000 a 4500
001 vtls000890434
003 SK-MaSNL
005 20260304205856.0
008 041130c2004 xo sr|p|||||||000 b|slo
015 |a SNBRB2004/12  |2 snkbucl 
038 |a SNKBUCL 
040 |a SNKBUCL  |b slo  |c SNKBUCL  |e AACR2 
041 0 |a slo 
044 |a xo  |c SK 
080 |a 81  |2 UDC-MRF-SK2 
080 |a 81'35  |2 UDC-MRF-SK2 
080 |a 811.162.4  |2 UDC-MRF-SK2 
100 1 |a Findra, Ján,  |d 1934-2019  |4 aut  |9 187447 
245 1 0 |a Zvratné zámeno sa a slovosled vo vete  |c Ján Findra 
650 0 7 |a slovenčina  |2 snkbucl  |9 1350 
650 0 7 |a pravopis  |2 snkbucl  |9 868 
650 0 7 |a zvratné zámená  |2 snkbucl  |9 16636 
650 0 7 |a slovosled  |2 snkbucl  |9 27017 
773 0 |t Verejná správa  |g Roč. 59, č. 23 (2004), s. 23  |x 1335-7883 
852 |a SNK  |b KIS3GCP 
999 |c 3123421  |d 3125351